Economic liberalism : The classical view
Shranjeno v:
| Glavni avtor: | |
|---|---|
| Format: | Knjiga |
| Jezik: | Undetermined |
| Izdano: |
New York
Random House
1965
|
| Teme: | |
| Oznake: |
Označite
Brez oznak, prvi označite!
|
| Thư viện lưu trữ: | Trung tâm Học liệu Trường Đại học Cần Thơ |
|---|
| LEADER | 00524nam a2200205Ia 4500 | ||
|---|---|---|---|
| 001 | CTU_81892 | ||
| 008 | 210402s9999 xx 000 0 und d | ||
| 082 | |a 330.1 | ||
| 082 | |b G745 | ||
| 100 | |a Grampp, William D. | ||
| 245 | 0 | |a Economic liberalism : | |
| 245 | 4 | |b The classical view | |
| 245 | 0 | |c William D. Grampp | |
| 260 | |a New York | ||
| 260 | |b Random House | ||
| 260 | |c 1965 | ||
| 650 | |a Economics | ||
| 650 | |x History | ||
| 904 | |i Trọng Hải | ||
| 980 | |a Trung tâm Học liệu Trường Đại học Cần Thơ | ||